[Event "Kiev Independence Cup-A 2nd"]
[Site "Kiev"]
[Date "2002.08.20"]
[Round "8"]
[White "Prihodko, Alexander"]
[Black "Eschenko, Vadim"]
[Result "0-1"]
[WhiteElo "2281"]
[BlackElo "2433"]
[PlyCount "83"]
[EventDate "2002.08.??"]
[EventType "swiss"]
[EventRounds "11"]
[EventCountry "UKR"]
[SourceTitle "EXT 2003"]
[Source "ChessBase"]
[SourceDate "2002.11.25"]
[SourceVersion "1"]
[SourceVersionDate "2002.11.25"]
[SourceQuality "1"]

1. e4 d5 2. Nc3 d4 3. Nce2 e5 4. Ng3 Be6 5. Nf3 Nd7 6. c3 c5 7. Bb5 f6 8. Qe2 Ne7 9. Bc4 Qb6 10. Bxe6 Qxe6 11. d3 g6 12. 0-0 h5 13. Ne1 h4 14. Nh1 0-0-0 15. f4 Bh6 16. cxd4 cxd4 17. fxe5 Nxe5 18. Bxh6 Rxh6 19. Nf2 g5 20. Nf3 N5g6 21. Nd2 Nf4 22. Qg4 Qxg4 23. Nxg4 Rg6 24. Rf3 f5 25. exf5 Nxf5 26. Rc1+ Kb8 27. Rc5 Ne3 28. Ne5 Rg7 29. g4 hxg3 30. hxg3 Nh3+ 31. Kh2 g4 32. Rf6 Rh8 33. Ndc4 b6 34. Nc6+ Ka8 35. Re5 Nf4+ 36. Kg1 Rgh7 37. Re8+ Rxe8 38. Rxf4 Reh8 39. Nxe3 dxe3 40. Rxg4 Rh1+ 41. Kg2 Kb7 42. Nd4 0-1

[Event "Kiev Independence Cup-A 2nd"]
[Site "Kiev"]
[Date "2002.08.19"]
[Round "7"]
[White "Kislinsky, Alexey"]
[Black "Eschenko, Vadim"]
[Result "1-0"]
[WhiteElo "2336"]
[BlackElo "2433"]
[PlyCount "91"]
[EventDate "2002.08.??"]
[EventType "swiss"]
[EventRounds "11"]
[EventCountry "UKR"]
[SourceTitle "EXT 2003"]
[Source "ChessBase"]
[SourceDate "2002.11.25"]
[SourceVersion "1"]
[SourceVersionDate "2002.11.25"]
[SourceQuality "1"]

1. Nf3 d5 2. g3 Nf6 3. Bg2 c6 4. 0-0 Bf5 5. d3 h6 6. Nbd2 e6 7. b3 Bc5 8. Bb2 Nbd7 9. e4 Bh7 10. e5 Ng8 11. Qe2 Ne7 12. Kh1 0-0 13. Nh4 g5 14. Nhf3 Ng6 15. h3 Re8 16. Nh2 f5 17. exf6 Nxf6 18. Ng4 Nxg4 19. Qxg4 Bf8 20. Rae1 e5 21. c4 Bg7 22. cxd5 cxd5 23. f4 gxf4 24. gxf4 Kh8 25. Nf3 h5 26. Qxh5 Nxf4 27. Qg4 Qc8 28. Qg3 Qc2 29. Nxe5 Qxg2+ 30. Qxg2 Nxg2 31. Kxg2 Kg8 32. Rf3 Rac8 33. Bd4 Re7 34. Rg3 Kh8 35. Ng6+ Bxg6 36. Rxe7 Rc2+ 37. Bf2 Bf6 38. Rxb7 Bh5 39. Rb4 Rxa2 40. Rf4 Be7 41. Rf5 Bd1 42. Kf1 Bh4 43. Bd4+ Kh7 44. Rg7+ Kh6 45. Rf8 Rf2+ 46. Rxf2 1-0

[Event "Kiev Independence Cup-A 2nd"]
[Site "Kiev"]
[Date "2002.08.14"]
[Round "2"]
[White "Matorin, Evgeny"]
[Black "Eschenko, Vadim"]
[Result "1/2-1/2"]
[WhiteElo "2340"]
[BlackElo "2433"]
[PlyCount "123"]
[EventDate "2002.08.??"]
[EventType "swiss"]
[EventRounds "11"]
[EventCountry "UKR"]
[SourceTitle "EXT 2003"]
[Source "ChessBase"]
[SourceDate "2002.11.25"]
[SourceVersion "1"]
[SourceVersionDate "2002.11.25"]
[SourceQuality "1"]

1. d4 Nf6 2. c4 c5 3. d5 b5 4. cxb5 a6 5. bxa6 Bxa6 6. Nc3 g6 7. e4 Bxf1 8. Kxf1 d6 9. Nge2 Bg7 10. h3 0-0 11. Kg1 Na6 12. Kh2 Qb6 13. Rb1 e6 14. f4 exd5 15. exd5 Rfe8 16. a3 Rab8 17. Bd2 Nc7 18. Be1 Qa6 19. Ng3 Qc4 20. Qf3 Ncxd5 21. Nxd5 Qxd5 22. Qxd5 Nxd5 23. b4 cxb4 24. Bxb4 Nxb4 25. Rxb4 d5 26. Rxb8 Rxb8 27. Rd1 d4 28. Rd3 f5 29. Ne2 Re8 30. Rd2 Rd8 31. g4 Kf7 32. gxf5 gxf5 33. Kg3 Ke6 34. Kf3 Kd5 35. Ng3 Ra8 36. Ra2 Bf8 37. a4 d3 38. Nxf5 Kc4 39. a5 Kb3 40. Ra1 d2 41. Ne3 Bc5 42. Nf1 Bb4 43. Nxd2+ Bxd2 44. a6 Bc3 45. Rb1+ Bb2 46. Rd1 Rxa6 47. Rd7 Rh6 48. Kg4 Kc4 49. h4 Bf6 50. h5 Kc5 51. Kf5 Bh4 52. Kg4 Kc6 53. Ra7 Bd8 54. Rf7 Bb6 55. Kg5 Re6 56. Rxh7 Bd8+ 57. Kg4 Be7 58. Rg7 Re1 59. h6 Rh1 60. Kf5 Bf8 61. Rf7 Bxh6 62. Rh7 1/2-1/2

[Event "Kiev Trudova Ukraina"]
[Site "Kiev"]
[Date "2001.01.27"]
[Round "9"]
[White "Eschenko, Vadim"]
[Black "Zontakh, Andrey"]
[Result "1/2-1/2"]
[WhiteElo "2443"]
[BlackElo "2529"]
[PlyCount "26"]
[EventDate "2001.01.19"]
[EventType "tourn"]
[EventRounds "10"]
[EventCountry "UKR"]
[EventCategory "11"]
[SourceTitle "CBM 082"]
[Source "ChessBase"]
[SourceDate "2001.05.17"]
[SourceVersion "1"]
[SourceVersionDate "2001.05.17"]
[SourceQuality "1"]

1. e4 c5 2. c3 Nf6 3. e5 Nd5 4. d4 cxd4 5. Nf3 Nc6 6. Bc4 Nb6 7. Bb3 d6 8. exd6 Qxd6 9. 0-0 Be6 10. Bxe6 Qxe6 11. Nxd4 Nxd4 12. Qxd4 Rd8 13. Qh4 Qe2 1/2-1/2

[Event "UKR-ch sf op"]
[Site "Alushta"]
[Date "2001.??.??"]
[Round "?"]
[White "Polivanov, Anatoliy"]
[Black "Eschenko, Vadim"]
[Result "1/2-1/2"]
[WhiteElo "2296"]
[BlackElo "2443"]
[PlyCount "49"]
[EventDate "2001.04.17"]
[EventType "swiss"]
[EventRounds "9"]
[EventCountry "UKR"]
[SourceTitle "EXT 2003"]
[Source "ChessBase"]
[SourceDate "2002.11.25"]
[SourceVersion "1"]
[SourceVersionDate "2002.11.25"]
[SourceQuality "1"]

1. e4 d5 2. exd5 Qxd5 3. Nc3 Qa5 4. d4 Nf6 5. Nf3 Bg4 6. Bd2 Qb6 7. Bc4 Bxf3 8. Qxf3 Nc6 9. 0-0-0 Nxd4 10. Qh3 e6 11. Be3 0-0-0 12. Nb5 Bc5 13. Nxd4 Bxd4 14. Rxd4 Rxd4 15. c3 Qc6 16. Bxe6+ fxe6 17. Bxd4 Rd8 18. Re1 Re8 19. Bxf6 gxf6 20. Qxh7 Qxg2 21. Qf7 Qg5+ 22. Kb1 Qf5+ 23. Kc1 Qf4+ 24. Kb1 Qf5+ 25. Kc1 1/2-1/2

[Event "UKR-ch sf op"]
[Site "Alushta"]
[Date "2001.??.??"]
[Round "?"]
[White "Shast, Vladimir"]
[Black "Eschenko, Vadim"]
[Result "1-0"]
[WhiteElo "2175"]
[BlackElo "2443"]
[PlyCount "111"]
[EventDate "2001.04.17"]
[EventType "swiss"]
[EventRounds "9"]
[EventCountry "UKR"]
[SourceTitle "EXT 2003"]
[Source "ChessBase"]
[SourceDate "2002.11.25"]
[SourceVersion "1"]
[SourceVersionDate "2002.11.25"]
[SourceQuality "1"]

1. d4 d5 2. c4 c6 3. Nf3 Nf6 4. Qc2 g6 5. Bf4 Bg7 6. e3 0-0 7. Nc3 Qa5 8. Nd2 Na6 9. a3 Nh5 10. Be5 f6 11. Bg3 Nxg3 12. hxg3 Be6 13. Be2 Bf7 14. Qb3 Rab8 15. cxd5 cxd5 16. Qb5 Qd8 17. 0-0 e5 18. dxe5 fxe5 19. Rad1 Nc7 20. Qa5 a6 21. Nc4 b5 22. Nd2 Qd6 23. Nde4 Qe7 24. Ng5 Qxg5 25. Qxc7 d4 26. Ne4 Qd8 27. Qc5 Qd5 28. Bf3 Rfd8 29. Nf6+ Bxf6 30. Bxd5 Rxd5 31. Qc6 Kg7 32. exd4 exd4 33. Rd3 Rbd8 34. Qxa6 R8d6 35. Qb7 Re5 36. Rfd1 Re7 37. Qxb5 Rc7 38. b3 g5 39. Qb4 Rcd7 40. a4 Bg6 41. R3d2 d3 42. Rc1 Re6 43. a5 Kh6 44. Qc4 Rdd6 45. b4 Re4 46. Qc8 Rde6 47. a6 Bd4 48. Rc4 Re8 49. Qh3+ Kg7 50. Qd7+ R8e7 51. Rxd4 Rxd7 52. Rxd7+ Kf6 53. a7 Re1+ 54. Kh2 Ra1 55. b5 Ke6 56. Rg7 1-0

[Event "Kiev-ch"]
[Site "Kiev"]
[Date "2000.??.??"]
[Round "?"]
[White "Eschenko, Vadim"]
[Black "Dolzhikova, Olga"]
[Result "0-1"]
[WhiteElo "2345"]
[BlackElo "2241"]
[PlyCount "117"]
[EventDate "2000.??.??"]
[EventType "swiss"]
[EventRounds "11"]
[EventCountry "UKR"]
[SourceTitle "EXT 2001"]
[Source "ChessBase"]
[SourceDate "2000.11.22"]
[SourceVersion "1"]
[SourceVersionDate "2000.11.22"]
[SourceQuality "1"]

1. d4 Nf6 2. Nc3 d5 3. Bg5 c6 4. Nf3 Qa5 5. Nd2 Qb4 6. Nb3 Ne4 7. a3 Nxc3 8. axb4 Nxd1 9. Kxd1 e6 10. c3 Bd6 11. e3 f6 12. Bh4 b6 13. Bd3 0-0 14. Bg3 e5 15. Re1 Be6 16. Kd2 Nd7 17. Ra6 Rfb8 18. Kc2 Rb7 19. e4 Rc8 20. Nd2 Bb8 21. Raa1 b5 22. Nb3 dxe4 23. Bxe4 f5 24. Na5 Rb6 25. Bd3 e4 26. Bxb8 Rbxb8 27. Kd2 Bd5 28. Bb1 Nf6 29. Ba2 Bxa2 30. Rxa2 Ng4 31. Ke2 Nxh2 32. Nb3 Rc7 33. Rea1 Ra8 34. d5 cxd5 35. Nd4 Ng4 36. Nxb5 Rb7 37. Rxa7 Raxa7 38. Nxa7 d4 39. Nc6 d3+ 40. Ke1 Rd7 41. f3 exf3 42. gxf3 d2+ 43. Ke2 Nf2 44. Kxf2 d1Q 45. Rxd1 Rxd1 46. b5 Rd2+ 47. Ke3 Rxb2 48. Nb4 f4+ 49. Kd3 Rf2 50. b6 Rxf3+ 51. Kd4 Re3 52. b7 Re8 53. Nc6 f3 54. Ne7+ Kf8 55. Nc8 f2 56. b8Q f1Q 57. Qd6+ Kg8 58. Ne7+ Kf7 59. Nd5 0-1

[Event "Kiev-ch"]
[Site "Kiev"]
[Date "2000.??.??"]
[Round "?"]
[White "Eschenko, Vadim"]
[Black "Malakhatko, Vadim"]
[Result "0-1"]
[WhiteElo "2345"]
[BlackElo "2568"]
[PlyCount "46"]
[EventDate "2000.??.??"]
[EventType "swiss"]
[EventRounds "11"]
[EventCountry "UKR"]
[SourceTitle "EXT 2001"]
[Source "ChessBase"]
[SourceDate "2000.11.22"]
[SourceVersion "1"]
[SourceVersionDate "2000.11.22"]
[SourceQuality "1"]

1. e4 c5 2. c3 d5 3. exd5 Qxd5 4. d4 Nf6 5. Nf3 Nc6 6. dxc5 Qxd1+ 7. Kxd1 e5 8. b4 Bf5 9. Bb5 0-0-0+ 10. Ke2 Be7 11. Be3 Nd5 12. Bxc6 bxc6 13. Nxe5 Rhe8 14. Nxf7 Nxe3 15. Nxd8 Nc4 16. Nxc6 Bf6+ 17. Kd1 Nb2+ 18. Kc1 Nd3+ 19. Kc2 Nxb4+ 20. Kb3 Nxc6 21. Na3 Re7 22. Rae1 Rb7+ 23. Kc4 Na5+ 0-1

[Event "Swidnica op-A"]
[Site "Swidnica"]
[Date "2000.??.??"]
[Round "9"]
[White "Sergeev, Vladimir"]
[Black "Eschenko, Vadim"]
[Result "0-1"]
[WhiteElo "2470"]
[BlackElo "2345"]
[PlyCount "141"]
[EventDate "2000.07.??"]
[EventType "swiss"]
[EventRounds "10"]
[EventCountry "POL"]
[SourceTitle "EXT 2003"]
[Source "ChessBase"]
[SourceDate "2002.11.25"]
[SourceVersion "1"]
[SourceVersionDate "2002.11.25"]
[SourceQuality "1"]

1. c4 c6 2. d4 d5 3. Nc3 Nf6 4. Nf3 dxc4 5. e3 b5 6. a4 b4 7. Na2 e6 8. Bxc4 Be7 9. 0-0 0-0 10. Bd2 a5 11. Nc1 Nbd7 12. Nb3 c5 13. Qe2 Nb6 14. Bb5 c4 15. Nc5 Qc7 16. Rfc1 Bxc5 17. dxc5 Qxc5 18. Bxc4 Nxc4 19. Qxc4 Qxc4 20. Rxc4 Ba6 21. Rc5 Be2 22. Nd4 Ne4 23. Rc7 Nxd2 24. Rc2 e5 25. Rxd2 exd4 26. Rxe2 dxe3 27. Rxe3 Rfe8 28. Rc1 g6 29. Kf1 Rec8 30. Rd1 Rc2 31. Re2 Rac8 32. Ke1 Kg7 33. f3 h5 34. Rd5 Rc1+ 35. Kf2 R8c2 36. Ke3 Rxe2+ 37. Kxe2 Rb1 38. Rd2 Ra1 39. Kd3 Rxa4 40. Rd1 b3 41. Kc3 Rh4 42. h3 a4 43. Rd5 Rf4 44. Ra5 Kh6 45. Kd3 g5 46. Ra6+ f6 47. Ra5 g4 48. hxg4 hxg4 49. Ke3 Rc4 50. fxg4 Rxg4 51. Kf3 Rc4 52. g3 Kg6 53. g4 Rb4 54. Kg3 Rd4 55. Kh3 Kf7 56. Ra6 Ke7 57. Kg3 Rb4 58. Kh3 Kd7 59. Kg3 Kc7 60. Kh3 Rf4 61. Kg3 Kb7 62. Ra5 Kb6 63. Ra8 Rc4 64. Rf8 Rc6 65. Kf4 Kb5 66. Rb8+ Rb6 67. Rd8 a3 68. bxa3 b2 69. Rd1 Kc4 70. Kf5 Kc3 71. g5 0-1

[Event "Swidnica op"]
[Site "Swidnica"]
[Date "1999.07.03"]
[Round "6"]
[White "Miroshnichenko, Evgenij"]
[Black "Eschenko, Vadim"]
[Result "1-0"]
[WhiteElo "2500"]
[BlackElo "2369"]
[PlyCount "97"]
[EventDate "1999.06.28"]
[EventType "swiss"]
[EventRounds "9"]
[EventCountry "POL"]
[SourceTitle "EXT 2000"]
[Source "ChessBase"]
[SourceDate "1999.11.16"]
[SourceVersion "1"]
[SourceVersionDate "1999.11.16"]
[SourceQuality "1"]

1. e4 e6 2. d3 d5 3. Nd2 Nf6 4. Ngf3 b6 5. c3 Be7 6. Be2 0-0 7. 0-0 c5 8. a3 Bb7 9. Qc2 Qc7 10. Re1 Nbd7 11. b3 Rfd8 12. Bb2 Rac8 13. Bf1 Bd6 14. g3 b5 15. c4 Ne8 16. cxb5 Qb6 17. a4 a6 18. exd5 exd5 19. Bh3 Nc7 20. bxa6 Nxa6 21. d4 Nb4 22. Qf5 c4 23. bxc4 dxc4 24. Bc3 Nd5 25. Rab1 Qc6 26. Ba5 Bc7 27. Nxc4 Qxc4 28. Rxb7 g6 29. Rxc7 Nxc7 30. Qf4 Nd5 31. Qh6 Qxa4 32. Ng5 N7f6 33. Bxd8 Rxd8 34. Nxf7 Re8 35. Rxe8+ Qxe8 36. Ne5 Nc7 37. Qc1 Qe7 38. Bg2 Kg7 39. h4 Nb5 40. Qb2 Nd6 41. d5 h5 42. Bf3 Nf5 43. Kg2 Qc7 44. Nc6 Ne7 45. Nd4 Kf7 46. Qb3 Qd6 47. Nb5 Qc5 48. d6+ Ned5 49. Nc7 1-0

[Event "Kiev Independence Cup op"]
[Site "Kiev"]
[Date "1999.??.??"]
[Round "?"]
[White "Eschenko, Vadim"]
[Black "Julin, Alexei"]
[Result "1/2-1/2"]
[WhiteElo "2369"]
[BlackElo "2261"]
[PlyCount "112"]
[EventDate "1999.??.??"]
[EventType "swiss"]
[EventRounds "11"]
[EventCountry "UKR"]
[SourceTitle "EXT 2002"]
[Source "ChessBase"]
[SourceDate "2001.11.25"]
[SourceVersion "1"]
[SourceVersionDate "2001.11.25"]
[SourceQuality "1"]

1. e4 e5 2. Nf3 Nc6 3. Bb5 a6 4. Bxc6 dxc6 5. 0-0 f6 6. d4 exd4 7. Nxd4 c5 8. Ne2 Qxd1 9. Rxd1 Bd7 10. Nbc3 0-0-0 11. Be3 Bd6 12. Bf4 Bxf4 13. Nxf4 Ne7 14. f3 g5 15. Nfd5 Nxd5 16. Nxd5 Rhf8 17. Rd2 Be6 18. Rad1 Kb8 19. a3 f5 20. Nc3 Rde8 21. Re1 f4 22. Kf2 h5 23. e5 Rf5 24. Ne4 Rxe5 25. Nf6 Rxe1 26. Kxe1 Rf8 27. Nd7+ Bxd7 28. Rxd7 Re8+ 29. Kf2 Re5 30. h4 g4 31. fxg4 hxg4 32. Rg7 f3 33. gxf3 gxf3 34. Kxf3 Rf5+ 35. Kg3 Rf1 36. Kh2 Kc8 37. a4 b6 38. b3 Kd8 39. c4 a5 40. Kg2 Rf6 41. h5 Rh6 42. Rg5 Ke7 43. Kf3 Kf7 44. Kg4 Re6 45. Rd5 Re3 46. Rf5+ Kg7 47. Rf3 Re1 48. Kf4 Kh6 49. Re3 Rd1 50. Kf5 Rd8 51. Rh3 Rd1 52. Ke4 Rd4+ 53. Ke3 Rg4 54. Kd2 Rd4+ 55. Rd3 Kxh5 56. Ke3 Rxd3+ 1/2-1/2

[Event "Kiev Independence Cup op"]
[Site "Kiev"]
[Date "1999.??.??"]
[Round "?"]
[White "Eschenko, Vadim"]
[Black "Kiselev, Alexander"]
[Result "1-0"]
[WhiteElo "2369"]
[BlackElo "2158"]
[PlyCount "67"]
[EventDate "1999.??.??"]
[EventType "swiss"]
[EventRounds "11"]
[EventCountry "UKR"]
[SourceTitle "EXT 2002"]
[Source "ChessBase"]
[SourceDate "2001.11.25"]
[SourceVersion "1"]
[SourceVersionDate "2001.11.25"]
[SourceQuality "1"]

1. e4 e5 2. Nf3 Nc6 3. Nc3 Nf6 4. d4 exd4 5. Nxd4 Bb4 6. Nxc6 bxc6 7. Bd3 d5 8. exd5 Qe7+ 9. Qe2 Qxe2+ 10. Kxe2 cxd5 11. Nb5 Ba5 12. Bf4 Kd8 13. Rhd1 a6 14. Nd4 Bg4+ 15. f3 Re8+ 16. Kf1 Bd7 17. c4 Rb8 18. Nb3 Bb4 19. c5 a5 20. Rac1 Nh5 21. Bg5+ f6 22. Bh4 Nf4 23. c6 Nxd3 24. cxd7 Re3 25. Rc2 c5 26. a3 a4 27. Nc1 Nxc1 28. Rcxc1 Ba5 29. Rxc5 Bc7 30. Rxc7 Kxc7 31. Bg3+ Re5 32. Bxe5+ fxe5 33. Rxd5 Kd8 34. Rd2 1-0